Days of the Week in Western Europe - Statistics

General Stats
  • This quiz has been taken 316 times
  • The average score is 22 of 49
Answer Stats
Answer % Correct
Monday
97%
Tuesday
95%
Friday
94%
Saturday
94%
Sunday
94%
Thursday
94%
Wednesday
94%
Lundi
63%
Mardi
61%
Montag
56%
Dimanche
54%
Mercredi
54%
Vendredi
54%
Samedi
53%
Domingo
52%
Domingo
52%
Jeudi
51%
Lunes
50%
Freitag
49%
Sábado
49%
Sábado
49%
Sonntag
49%
Martes
48%
Miércoles
47%
Mittwoch
47%
Samstag
45%
Dienstag
44%
Jueves
43%
Viernes
43%
Donnerstag
41%
Lunedi
28%
Martedi
24%
Sabato
24%
Mercoledi
21%
Maandag
20%
Domenica
19%
Giovedi
19%
Venerdi
19%
Vrijdag
19%
Dinsdag
18%
Zaterdag
18%
Zondag
18%
Donderdag
17%
Woensdag
16%
Segunda-feira
13%
Quarta-feira
12%
Sexta-feira
12%
Terça-feira
12%
Quinta-feira
11%
No matching quizzes found
Score Distribution
Percent of People with Each Score
Percentile by Number Answered
Your Score History
You have not taken this quiz